| 000 | 00493nam a22001937a 4500 | ||
|---|---|---|---|
| 003 | MPLRDC | ||
| 005 | 20220104144130.0 | ||
| 008 | 210129b ||||| |||| 00| 0 eng d | ||
| 020 | _a7-80631-984-0 | ||
| 082 | _a874.57 STI-4 | ||
| 100 | _aR. L. STINE | ||
| 245 |
_a魔血倒霉相机 _c |
||
| 250 | _a初版 | ||
| 260 |
_a _b接力出版社 _c2002 |
||
| 300 | _b平 | ||
| 490 | _aGOOSEBUMPS 鸡皮疙瘩系列丛书 | ||
| 650 | _a美国文学--长篇小说 | ||
| 942 |
_cBK _o874.57 STI-4 |
||
| 999 |
_c46675 _d46665 |
||